Malenga wa ziwa kuu : (Record no. 16607)
[ view plain ]
| 000 -LEADER | |
|---|---|
| fixed length control field | 00661nam a22001817a 4500 |
| 003 - CONTROL NUMBER IDENTIFIER | |
| control field | OSt |
| 005 - DATE AND TIME OF LATEST TRANSACTION | |
| control field | 20171109151921.0 |
| 008 - FIXED-LENGTH DATA ELEMENTS--GENERAL INFORMATION | |
| fixed length control field | 171107b xxu||||| |||| 00| 0 eng d |
| 020 ## - INTERNATIONAL STANDARD BOOK NUMBER | |
| International Standard Book Number | 9966463690 |
| 040 ## - CATALOGING SOURCE | |
| Original cataloging agency | KABU |
| Transcribing agency | KABU |
| 050 ## - LIBRARY OF CONGRESS CALL NUMBER | |
| Classification number | PL8704 |
| Item number | .W35M35 1988 |
| 100 ## - MAIN ENTRY--PERSONAL NAME | |
| Personal name | Wallah, Wallah Bin |
| 245 ## - TITLE STATEMENT | |
| Title | Malenga wa ziwa kuu : |
| Remainder of title | maswahili na istilahi za kifasihi / |
| Statement of responsibility, etc. | Wallah Bin Wallah |
| 260 ## - PUBLICATION, DISTRIBUTION, ETC. (IMPRINT) | |
| Place of publication, distribution, etc. | Nairobi |
| Name of publisher, distributor, etc. | East African Educational Publishers |
| Date of publication, distribution, etc. | 1988 |
| 300 ## - PHYSICAL DESCRIPTION | |
| Extent | xxxi, 171 p. |
| 650 ## - SUBJECT ADDED ENTRY--TOPICAL TERM | |
| Form subdivision | Swahili poetry |
| 942 ## - ADDED ENTRY ELEMENTS (KOHA) | |
| Source of classification or shelving scheme | Library of Congress Classification |
| Koha item type | General Collection |
| Classification part | PL8704 |
| Item part | .W35M35 1988 |
| Withdrawn status | Lost status | Source of classification or shelving scheme | Not for loan | Home library | Current library | Shelving location | Date acquired | Cost, normal purchase price | Inventory number | Total Checkouts | Full call number | Barcode | Date last seen | Date last checked out | Copy number | Price effective from | Koha item type | Total Renewals |
|---|---|---|---|---|---|---|---|---|---|---|---|---|---|---|---|---|---|---|
| Library of Congress Classification | Kabarak, Main Campus | Kabarak, Main Campus | General Stacks | 07/11/2017 | 1370.00 | 2017/0360 | 3 | PL8704 .W35M35 1988 C.1 | 027721 | 17/06/2022 | 02/11/2018 | C.1 | 07/11/2017 | General Collection | ||||
| Library of Congress Classification | Kabarak, Main Campus | Kabarak, Main Campus | General Stacks | 07/11/2017 | 1370.00 | 2017/0361 | 10 | PL8704 .W35M35 1988 C.2 | 027720 | 20/09/2021 | 17/09/2021 | C.2 | 07/11/2017 | General Collection | 1 |